Engineering patterns of rural leadership area (Record no. 16358)
[ view plain ]
| 000 -LEADER | |
|---|---|
| fixed length control field | 00238nam a22000977a 4500 |
| 003 - CONTROL NUMBER IDENTIFIER | |
| control field | OSt |
| 008 - FIXED-LENGTH DATA ELEMENTS--GENERAL INFORMATION | |
| fixed length control field | 200923b ||||| |||| 00| 0 eng d |
| 100 ## - MAIN ENTRY--AUTHOR NAME | |
| Personal name | Jain, S. C |
| 245 ## - TITLE STATEMENT | |
| Title | Engineering patterns of rural leadership area |
| 942 ## - ADDED ENTRY ELEMENTS (KOHA) | |
| Koha item type | Books |
| Withdrawn status | Lost status | Damaged status | Home library | Current library | Date acquired | Cost, normal purchase price | Accession Number | Koha item type |
|---|---|---|---|---|---|---|---|---|
| Withdrawn | KAUAET | KAUAET | 23/09/2020 | 45.00 | 11426 | Books |
